Manías, amores y otros oficios /
Сохранить в:
| Главный автор: | |
|---|---|
| Другие авторы: | |
| Формат: | |
| Язык: | испанский |
| Опубликовано: |
Barcelona, España :
Destino,
1993, c1993
|
| Серии: | (Ancora y Delfín ;
714) |
| Предметы: | |
| Метки: |
Нет меток, Требуется 1-ая метка записи!
|
MARC
| LEADER | 00000nam^a2200000^a^4500 | ||
|---|---|---|---|
| 001 | 000165762 | ||
| 005 | 20250521000000.0 | ||
| 009 | 20260310101028.881 | ||
| 020 | |a 84-233-2320-X | ||
| 037 | |a Acervo ITESO - Biblioteca | ||
| 041 | |a ESP | ||
| 082 | |a 149. 97 |b RUB OBR MAN | ||
| 100 | |a Rubert de Ventós, Xavier |e (autor) | ||
| 245 | 1 | 0 | |a Manías, amores y otros oficios / |c X. Rubert de Ventós ; il. de G. Rubert Català. |
| 264 | 4 | |a Barcelona, España : |b Destino, |c 1993, c1993 | |
| 300 | |a 261 p. | ||
| 336 | |a texto |b txt |2 rdacontenido | ||
| 337 | |a sin mediación |b n |2 rdamedio | ||
| 338 | |a volumen |b nc |2 rdasoporte | ||
| 440 | 1 | |a (Ancora y Delfín ; |v 714) | |
| 545 | 0 | |a Xavier Rubert de Ventós (Barcelona, 1939 - ) es un filósofo español reconocido por su producción intelectual contraria a las ideas, normas y modelos aceptados por las mayorías, impuestos por la autoridad o pertenecientes a tradiciones clásicas. En su amplia obra de ensayos sobre estética, teoría de la cultura, ética, filosofía política y filosofía práctica, siempre consigue vislumbrar las ambigüedades y matices de los fenómenos, pues no tiene un criterio construido sobre cada cosa, prefiere creer que "eliminar un viejo prejuicio es tanto o más importante que acertar en un nuevo juicio". Esta curiosidad de pensamiento se refleja en sus escritos, en los que ofrece abundantes ejemplos, metáforas, datos y análisis para apoyar sus reflexiones y exponerlas con claridad. Destacan en su obra: De la modernidad. Ensayos de filosofía crítica (1980); El arte ensimismado (1963), premio Ciudad de Barcelona; Teoría de la sensibilidad (1968), premio Lletra d'Or; y El laberinto de la hispanidad (1987), Premio Espejo de España. | |
| 649 | |a XX | ||
| 650 | |a Aforismos Españoles | ||
| 650 | |a Literatura Española - |y Siglo XX | ||
| 650 | |a Modernidad y Posmodernidad | ||
| 650 | |a Filosofía Española | ||
| 650 | |a Filosofía del Siglo XX | ||
| 700 | |a Rubert Català, Gino |e (ilustración) | ||
| 910 | |a Fondo General | ||
| 920 | |a Impresos - Libros | ||
| 930 | |a Colección General | ||
| 905 | |a 101 | ||
| 901 | |a 0500100764 |b IT1 |c ACC |u 20250521 | ||
| 902 | |a https://opac.biblio.iteso.mx/vufind/Record/000165762 | ||